00355cam a22001097a 4500008004000000100001900040245008600059260005000145300001000195650001700205700002300222180718b1969 xxu||||| |||| 00| 0 eng d aMamford, Luies aSaheron kee Sanskriticby Luies Mamford translated by Padmasingh Sharma 'Kamlesh' aKuruchetrabKuruchetra Vishvavidhayalyac1969 a503p. aCity-culture aSharma, Padmasingh